000 00610nam a2200217 a 4500
008
020 _a0070091714 (pbk.)
049 _aMAIN
090 _aQD251.2
100 1 _aBurgoyne, Edward E.
245 1 2 _aA short course in organic chemistry /
_cEdward E. Burgoyne.
260 _aNew York :
_bMcGraw-Hill,
_c1979.
300 _axv, 527 p. :
_bill. ;
_c24 cm.
500 _aIncludes index.
650 0 _aChemistry, Organic.
907 _a.b10048893
_b23-01-07
_c17-04-03
003
005 20230123133454.0
040 _cNUST
942 _cBOOKS
_kQD251.2
999 _c149172
_d149172